[Event "HUN-chT2 Asztalos 1718"]
[Site "Hungary"]
[Date "2018.02.18"]
[Round "6.11"]
[White "Fekete, Lajos"]
[Black "Krivarics, Robert"]
[Result "1-0"]
[WhiteElo "1784"]
[BlackElo "1739"]
[PlyCount "136"]
[EventDate "2017.10.29"]
[EventType "team-tourn"]
[EventRounds "9"]
[EventCountry "HUN"]
[SourceTitle "EXT 2021"]
[Source "ChessBase"]
[SourceDate "2020.10.23"]
[SourceVersion "1"]
[SourceVersionDate "2020.10.23"]
[SourceQuality "1"]
[WhiteTeam "Komlo Banyasz II"]
[BlackTeam "Nagyatad"]
[WhiteTeamCountry "HUN"]
[BlackTeamCountry "HUN"]

1. e4 d5 2. exd5 Nf6 3. d4 Nxd5 4. c4 Nb4 5. a3 N4a6 6. Nf3 e6 7. Nc3 Be7 8. Be3 b6 9. Bd3 Bb7 10. Be4 c6 11. Rc1 Nd7 12. 0-0 Nf6 13. Bb1 0-0 14. Ne5 Qc7 15. Bg5 c5 16. Qc2 g6 17. Nb5 Qc8 18. Bxf6 Bxf6 19. Nd6 Qc7 20. Nb5 Qe7 21. Ng4 cxd4 22. Nxf6+ Qxf6 23. b4 e5 24. Qd2 Rfd8 25. Qe2 Qc6 26. f3 Qe6 27. Be4 Rd7 28. Bxb7 Rxb7 29. Qe4 Rab8 30. f4 Re7 31. fxe5 Qxe5 32. Qxe5 Rxe5 33. Nxd4 Rb7 34. Rf6 Nc7 35. Nc6 Re6 36. Rxf7 Rxc6 37. Rd7 Rb8 38. Re1 Re8 39. Rf1 Rf8 40. Re1 Ne8 41. Rd8 Rcf6 42. Rdxe8 a5 43. Rxf8+ Rxf8 44. Rf1 Rxf1+ 45. Kxf1 Kf7 46. Ke2 Ke6 47. Kd3 Ke5 48. g3 h5 49. h3 g5 50. Ke3 a4 51. Kd3 Kf5 52. Kd4 g4 53. h4 Ke6 54. Ke4 Kf6 55. Kd5 Ke7 56. Kc6 Ke6 57. Kxb6 Ke5 58. c5 Ke4 59. c6 Kf3 60. c7 Kxg3 61. c8Q Kxh4 62. Qd8+ Kh3 63. Qd7 h4 64. Kc5 Kg3 65. Qd3+ Kh2 66. Qe2+ Kh3 67. Qf1+ Kh2 68. Kd4 g3 1-0

[Event "HUN-chT2 Asztalos 1617"]
[Site "Hungary"]
[Date "2017.01.29"]
[Round "7.10"]
[White "Krivarics, Robert"]
[Black "Horvath, Gergely1"]
[Result "1/2-1/2"]
[WhiteElo "1710"]
[BlackElo "1596"]
[PlyCount "33"]
[EventDate "2016.09.25"]
[EventType "team-tourn"]
[EventRounds "11"]
[EventCountry "HUN"]
[SourceTitle "EXT 2021"]
[Source "ChessBase"]
[SourceDate "2020.10.23"]
[SourceVersion "1"]
[SourceVersionDate "2020.10.23"]
[SourceQuality "1"]
[WhiteTeam "Nagyatad"]
[BlackTeam "Fehervar"]
[WhiteTeamCountry "HUN"]
[BlackTeamCountry "HUN"]

1. d4 Nf6 2. f4 g6 3. Nf3 Bg7 4. e3 0-0 5. Bd3 d6 6. 0-0 c5 7. c3 Nc6 8. Qe1 cxd4 9. exd4 Qb6 10. Nbd2 Nd5 11. Nc4 Qc7 12. Qg3 a6 13. Ne3 Nxe3 14. Bxe3 e5 15. fxe5 dxe5 16. dxe5 Nxe5 17. Nxe5 1/2-1/2